Central Library OPAC University of Rajshahi

Agro-economic studies on intensive cultural practices in small holdings / (Record no. 43766)

MARC details
000 -LEADER
fixed length control field 00686nam a2200217 a 4500
001 - CONTROL NUMBER
control field 43766
003 - CONTROL NUMBER IDENTIFIER
rucl marc code BD-RjUL
005 - DATE AND TIME OF LATEST TRANSACTION
control field 20211209053742.0
008 - FIXED-LENGTH DATA ELEMENTS--GENERAL INFORMATION
fixed length control field 160627s1969 ii a|||| |||| 00| 0 eng d
035 ## - SYSTEM CONTROL NUMBER
System control number (BD-RjUL)43884
040 ## - CATALOGING SOURCE
Original cataloging agency BD-RjUL
Language of cataloging eng
Transcribing agency BD-RjUL
041 ## - LANGUAGE CODE
Language code of text/sound track or separate title eng
082 ## - DEWEY DECIMAL CLASSIFICATION NUMBER
Classification number 338.10954
Author mark and year SEA 1969
100 ## - MAIN ENTRY--PERSONAL NAME
Personal name Sen, P. K.
9 (RLIN) 134520
245 10 - TITLE STATEMENT
Title Agro-economic studies on intensive cultural practices in small holdings /
Statement of responsibility, etc. P K Sen, P C Sengupta
260 ## - PUBLICATION, DISTRIBUTION, ETC. (IMPRINT)
Place of publication, distribution, etc. Calcutta :
Name of publisher, distributor, etc. University of Calcutta,
Date of publication, distribution, etc. 1969
300 ## - PHYSICAL DESCRIPTION
Pagination v, 278 p. :
Illustrations ill. ;
Size 24 cm.
650 ## - SUBJECT ADDED ENTRY--TOPICAL TERM
Topical term or geographic name as entry element Agriculture
General subdivision Economic aspects
Geographic subdivision India
-- Burdwān
9 (RLIN) 134521
700 ## - ADDED ENTRY--PERSONAL NAME
Personal name Sengupta, P. C.
942 ## - ADDED ENTRY ELEMENTS (KOHA)
Source of classification or shelving scheme Dewey Decimal Classification
Koha item type Books
Holdings
Lost status Source of classification or shelving scheme Damaged status Not for loan Collection code Permanent Location Current Location Shelving location Date acquired Source of acquisition Cost, normal purchase price Total Checkouts Full call number Date last seen Copy number Koha item type
  Dewey Decimal Classification     Non-fiction Central Library, University of Rajshahi Central Library, University of Rajshahi   09/06/1973 Firma K. A. 15.00   338.10954 SEA 1969 27/06/2016 C-2 Books